Les réseaux sociaux (notice n° 2198624)

détails MARC
000 -LEADER
fixed length control field 02003cam a2200145 4500500
005 - DATE AND TIME OF LATEST TRANSACTION
control field 20260405085553.0
041 ## - LANGUAGE CODE
Language code of text/sound track or separate title fre
042 ## - AUTHENTICATION CODE
Authentication code dc
100 10 - MAIN ENTRY--PERSONAL NAME
Personal name Forsé, Michel
Relator term author
245 00 - TITLE STATEMENT
Title Les réseaux sociaux
260 ## - PUBLICATION, DISTRIBUTION, ETC.
Name of publisher, distributor, etc. Armand Colin,<br/>
Date of publication, distribution, etc. 2004.<br/>
520 ## - SUMMARY, ETC.
Summary, etc. L'analyse de réseau connaît un fort développement en sciences sociales. En s'appuyant sur les études classiques comme sur les travaux les plus récents menés en Europe et en Amérique du Nord, cet ouvrage propose une synthèse des connaissances acquises et présente les principales mé-thodes de recherche. Il engage également une réflexion théorique.Conçu comme un manuel destiné à des étudiants en sciences sociales, ce livre, dont on trouvera ici la deuxième édition revue et actualisée, s'adresse également à tous ceux qui, par intérêt professionnel ou personnel, cherchent à aborder de manière systématique et rigoureuse l'étude des structures sociales dans des contextes qui peuvent être très variés : entreprises, administrations, collectivités locales, associations, quartiers, etc.Alain DEGENNE est Directeur de Recherche au CNRS (LAMAS - Institut du longitudinal). Il est l'auteur de nombreuses publications en particulier sur les résaux sociaux.Michel FORSÉ est également Directeur de Recherche au CNRS (LASMAS - Institut du longitudinal). Il a notamment publié, aux PUF, L'Ordre improblable (1989), L'Analyse structurelle du changement social (1991), La Priorité du juste (2004) avec Maxime Parodi, et aux éditions Armand Colin, avec Henri Mendras, Le Changement social (1983, 1989).L'analyse structurale et interactionnisme. De l'interconnaissance au réseau. Des réseaux personnels aux cercles locaux. Le langage des graphes. Cohésion et équivalence. Le capital social. Centralité et pouvoir. Dynamiques. L'appartenance multiple.
700 10 - ADDED ENTRY--PERSONAL NAME
Personal name Degenne, Alain
Relator term author
856 41 - ELECTRONIC LOCATION AND ACCESS
Uniform Resource Identifier <a href="https://shs.cairn.info/les-reseaux-sociaux--9782200266622?lang=fr&redirect-ssocas=7080">https://shs.cairn.info/les-reseaux-sociaux--9782200266622?lang=fr&redirect-ssocas=7080</a>

Pas d'exemplaire disponible.

PLUDOC

PLUDOC est la plateforme unique et centralisée de gestion des bibliothèques physiques et numériques de Guinée administré par le CEDUST. Elle est la plus grande base de données de ressources documentaires pour les Étudiants, Enseignants chercheurs et Chercheurs de Guinée.

Adresse

627 919 101/664 919 101

25 boulevard du commerce
Kaloum, Conakry, Guinée

Réseaux sociaux

Powered by Netsen Group @ 2025